"The diamond as big as the Ritz" and other stories / (Record no. 219484)

000 -LEADER
fixed length control field 01213pam a2200277 a 4500
001 - CONTROL NUMBER
control field 4490752
003 - CONTROL NUMBER IDENTIFIER
control field Nust
005 - DATE AND TIME OF LATEST TRANSACTION
control field 20170210093928.0
008 - FIXED-LENGTH DATA ELEMENTS--GENERAL INFORMATION
fixed length control field 970805r19981920nyu 000 1 eng
010 ## - LIBRARY OF CONGRESS CONTROL NUMBER
LC control number 97036253
020 ## - INTERNATIONAL STANDARD BOOK NUMBER
International Standard Book Number 9781853262128 (pbk.)
040 ## - CATALOGING SOURCE
Original cataloging agency DLC
Transcribing agency DLC
Modifying agency DLC
043 ## - GEOGRAPHIC AREA CODE
Geographic area code n-us---
050 00 - LIBRARY OF CONGRESS CALL NUMBER
Classification number PS3511.I9
Item number A6 1998
082 00 - DEWEY DECIMAL CLASSIFICATION NUMBER
Classification number 813.52
Author Mark FIT
100 1# - MAIN ENTRY--PERSONAL NAME
Personal name Fitzgerald, F. Scott
Fuller form of name (Francis Scott),
Dates associated with a name 1896-1940.
245 14 - TITLE STATEMENT
Title "The diamond as big as the Ritz" and other stories /
Statement of responsibility, etc. F. Scott Fitzgerald.
260 ## - PUBLICATION, DISTRIBUTION, ETC.
Place of publication, distribution, etc. Mineola, N.Y. :
Name of publisher, distributor, etc. Dover Publications,
Date of publication, distribution, etc. 1998.
300 ## - PHYSICAL DESCRIPTION
Extent 240 p. ;
Dimensions 22 cm.
440 #0 - SERIES STATEMENT/ADDED ENTRY--TITLE
Title Dover thrift editions
505 0# - FORMATTED CONTENTS NOTE
Formatted contents note The diamond as big as the Ritz -- The offshore pirate -- The ice palace -- Bernice bobs her hair -- The jelly-bean -- May Day.
651 #0 - SUBJECT ADDED ENTRY--GEOGRAPHIC NAME
Geographic name United States
General subdivision Social life and customs
Chronological subdivision 20th century
General subdivision Fiction.
856 42 - ELECTRONIC LOCATION AND ACCESS
Materials specified Publisher description
Uniform Resource Identifier <a href="http://www.loc.gov/catdir/description/dover031/97036253.html">http://www.loc.gov/catdir/description/dover031/97036253.html</a>
906 ## - LOCAL DATA ELEMENT F, LDF (RLIN)
a 7
b cbc
c orignew
d 1
e ocip
f 19
g y-gencatlg
942 ## - ADDED ENTRY ELEMENTS (KOHA)
Source of classification or shelving scheme
Koha item type Book
Holdings
Withdrawn status Lost status Source of classification or shelving scheme Damaged status Not for loan Collection code Permanent Location Current Location Shelving location Date acquired Total Checkouts Total Renewals Full call number Barcode Date last seen Copy number Price effective from Koha item type
            Central Library (CL) Central Library (CL) Fiction 02/10/2017   2 813.52 FIT CL914 05/10/2024 1 02/10/2017 Book
© 2023 Central Library, National University of Sciences and Technology. All Rights Reserved.